| 000 | 00821nam a2200217 4500 | ||
|---|---|---|---|
| 008 | b xx# ara u | ||
| 010 | _a44602 | ||
| 040 | _aLB-BrCRDP | ||
| 082 | _a892.74/L192a | ||
| 100 | 1 | _a. اللقاني، رشيدة عبد الحميد أحمد | |
| 130 | 0 | _lAR | |
| 240 | _aAlfaz alhayat - adab aljahiz | ||
| 245 | 1 | 0 |
_a. ألفاظ الحياة الاجتماعية في ادب الجاحظ _cرشيدة عبد الحميد احمد |
| 260 |
_aالرياض _bجامعة الملك سعود، عمادة شؤون المكتبات _c1993-1413ه |
||
| 300 |
_aن،448 ص . ؛ _c24 سم . |
||
| 500 | _a* مراجع وكشاف في آخر الكتاب | ||
| 650 | _aالجاحظ | ||
| 700 | 0 | _aRashida Abdelhamid Ahmad Lakany | |
| 942 | _cBK | ||
| 999 |
_c14170 _d14170 |
||